00373nam a2200121Ia 4500008004100000245003400041260000900075300003100084440002400115650002100139999001900160952007200179180117s9999 xx 000 0 und d aThis Week in Arts and Culture c2017 a6-10 pages, 2017 October 1 aPhilippine Panorama aARTS AND CULTURE c353305d353305 001040aCLbCLd2018-01-17l0r2018-01-17 00:00:00w2018-01-17ySE